000 00597cam a22002053a 4500
001 34693
003 PGUSA
005 20140828083740.0
008 101219s2010||||xxu|||||s|||||000 | eng d
040 _aPGUSA
_beng
042 _adc
100 1 _aSandeau, Jules,
_d1811-1883
245 1 0 _aMademoiselle de la Seiglière, Volume II (of 2)
_h[electronic resource] /
_cJules Sandeau
260 _bProject Gutenberg,
_c2010
506 _aPublic domain in the USA.
516 _aElectronic text
830 0 _aProject Gutenberg
_v34693
856 4 0 _uhttp://www.gutenberg.org/ebooks/34693
942 _cEB
999 _c263948
_d263948